Villes traversées par l'autoroute A14 - Statistiques

Statistiques générales
  • Ce quiz a été pris 31 fois
    23 depuis la dernière actualisation
  • Le résultat moyen est 6 sur 7
Statistiques - réponses
ville population kilomètre % Correct
Paris 2 094 945 -2
100%
Nanterre 99 114 4
95%
Saint-Germain-en-Laye 44 647 14
95%
Neuilly-sur-Seine 59 267 0
89%
Courbevoie 81 516 1
84%
Puteaux 43 672 1
84%
Poissy (A13) 41 597 21
68%
Aucun quiz correspondant
Distribution des résultats
% des personnes avec chaque résultat
Percentile par nombre de réponses
Votre historique - résultats
Vous n’avez pas pris ce quiz depuis la dernière actualisation